مكتبة جامعة عجلون الوطنية

فهرس بحث المكتبة

Arab Knowledge Report 2014 Youth and Localisation of Knowledge (Record no. 1874)

MARC details
000 -LEADER
fixed length control field 00673nam a2200193Ii 4500
003 - CONTROL NUMBER IDENTIFIER
control field JO-AjNU
008 - FIXED-LENGTH DATA ELEMENTS--GENERAL INFORMATION
fixed length control field 230606s9999||||xx |||||||||||||| ||und||
040 ## - CATALOGING SOURCE
Original cataloging agency JO-AjNU
Language of cataloging eng
Description conventions rda
Transcribing agency JO-AjNU
041 ## - LANGUAGE CODE
Language code of text/sound track or separate title eng
050 14 - LIBRARY OF CONGRESS CALL NUMBER
Classification number HD5836.2014
100 3# - MAIN ENTRY--PERSONAL NAME
Personal name Mohammed bin Rashid Al Maktoum Foundation,
Relator term author
9 (RLIN) 3592
245 00 - TITLE STATEMENT
Title Arab Knowledge Report 2014 Youth and Localisation of Knowledge
264 31 - PRODUCTION, PUBLICATION, DISTRIBUTION, MANUFACTURE, AND COPYRIGHT NOTICE
Place of production, publication, distribution, manufacture `Dubai: Mohammed bin Rashid Al Maktoum Foundation, 2014
300 ## - PHYSICAL DESCRIPTION
Extent 258p
336 ## - CONTENT TYPE
Content type term text
Content type code txt
Source rdacontent
337 ## - MEDIA TYPE
Media type term unmediated
Media type code n
Source rdamedia
338 ## - CARRIER TYPE
Carrier type term volume
Carrier type code nc
Source rdacarrier
650 #4 - SUBJECT ADDED ENTRY--TOPICAL TERM
Topical term or geographic name entry element Reports - Arabic Knowledge - Youth - Localization of Knowledge
9 (RLIN) 3593
Holdings
Withdrawn status Lost status Source of classification or shelving scheme Damaged status Not for loan Home library Current library Shelving location Date acquired Total Checkouts Full call number Barcode Date last seen Price effective from Koha item type
    Library of Congress Classification   Not For Loan مكتبة جامعة عجلون الوطنية مكتبة جامعة عجلون الوطنية المراجع 06/06/2023   HD5836.2014 E1874 06/06/2023 06/06/2023 Reference